5HLuxD.jpg

KING HENRY VIII SENIOR AND PRIMARY SCHOOL LIBRARY OPAC

K. Sri Dhammananda : (Record no. 665)

000 -LEADER
fixed length control field 00981nam a22002657a 4500
005 - DATE AND TIME OF LATEST TRANSACTION
control field 20190923161116.0
008 - FIXED-LENGTH DATA ELEMENTS--GENERAL INFORMATION
fixed length control field 190923b ||||| |||| 00| 0 eng d
020 ## - INTERNATIONAL STANDARD BOOK NUMBER
International Standard Book Number 9789671626436
020 ## - INTERNATIONAL STANDARD BOOK NUMBER
International Standard Book Number 9789671626405
Qualifying information Set of 3 vol.
040 ## - CATALOGING SOURCE
Transcribing agency KH8
082 ## - DEWEY DECIMAL CLASSIFICATION NUMBER
Classification number 294.3 LIM
100 ## - MAIN ENTRY--PERSONAL NAME
Personal name Lim, Ajit
Relator term Compiler
245 ## - TITLE STATEMENT
Title K. Sri Dhammananda :
Remainder of title celebrating legacy /
Statement of responsibility, etc. Compile and arrange by Lim Ajit ; Lim Kah Hong ; Paruadi Ramasamy ; Si Kui Tien.
246 ## - VARYING FORM OF TITLE
Title proper/short title K. Sri Dhammananda :
Remainder of title a life in pictures /
260 ## - PUBLICATION, DISTRIBUTION, ETC.
Place of publication, distribution, etc. Selangor :
Name of publisher, distributor, etc. Nalanda Buddhist Society Malaysia,
Date of publication, distribution, etc. 2018.
300 ## - PHYSICAL DESCRIPTION
Extent 227 p. ;
Other physical details ill. :
Dimensions 23 cm.
440 ## - SERIES STATEMENT/ADDED ENTRY--TITLE
Volume/sequential designation Volume 3: A life in pictures
500 ## - GENERAL NOTE
General note Includes messages, photograph and chronology
505 ## - FORMATTED CONTENTS NOTE
Formatted contents note 1. Future Trends<br/>2. Contemporary Perspectives<br/>3. A life in pictures
650 ## - SUBJECT ADDED ENTRY--TOPICAL TERM
Topical term or geographic name entry element Buddhism
700 ## - ADDED ENTRY--PERSONAL NAME
Personal name Tan, Ho Soon
Relator term Editor
700 ## - ADDED ENTRY--PERSONAL NAME
Personal name Liow, Woon Khin
Relator term Editor
Fuller form of name Benny
700 ## - ADDED ENTRY--PERSONAL NAME
Personal name Samarawickrama, Vijaya
Relator term Editor
942 ## - ADDED ENTRY ELEMENTS (KOHA)
Source of classification or shelving scheme
Koha item type Books - Non Ficton
Holdings
Withdrawn status Lost status Source of classification or shelving scheme Damaged status Not for loan Collection code Permanent Location Current Location Shelving location Date acquired Full call number Barcode Date last seen Price effective from Koha item type
          Non-Fiction KH8 Senior School Library KH8 Senior School Library Non Fiction 2019-09-23 294.3 LIM 3KHSL000101385 2019-09-23 2019-09-23 Books - Non Ficton

Powered By KH8 IT Dept